000 00929nam a2200301 i 4500
001 000038016
003 DO-SdBNP
005 20251014100448.0
007 ta
008 251014s2006 dr 000 0 spa d
020 _a99934262699
040 _aDO-SdBNP
_bspa
_cBNPHU
_erda
041 _aspa
082 _axxx
_bE778m
_222
100 1 _aEsquea, Rosa Francia
_eautor
_98306
245 1 0 _aLas mariposas :
_bcuento /
_cRosa Francia Esquea ; ilustración de Amaya Salazar
264 _aSanto Domingo :
_bEditora Universitaria-UASD,
_c2006
300 _a53 páginas :
_bilustraciones ;
_c23 cm.
336 _ardacontent
_btexto
_2txt
337 _ardamedia
_bsin mediación
_2n
338 _ardacarrier
_bvolumen
_2nc
586 _aPremio Delia Quesada, género literario infantil
590 _aInventariado, 2025/DG
700 _aSalazar, Amaya
_eilustraciones
_973817
830 _98308
910 _aDG
942 _2ddc
_cLBS1
999 _c59944
_d59944